Capitales des pays participants à la coupe du monde de foot 1970 - Statistiques

Statistiques générales
  • Ce quiz a été pris 25 fois
    17 depuis la dernière actualisation
  • Le résultat moyen est 12 sur 16
Statistiques - réponses
Capitales % Correct
Berlin (Boon)
100%
Brasilia
94%
Londres
94%
Mexico
94%
Rome
94%
Montevideo
88%
Moscou
88%
Stockholm
82%
Bruxelles
76%
Prague
76%
Bucarest
71%
Lima
65%
Rabat
59%
Sofia
53%
Jerusalem
35%
San Salvador
29%
Aucun quiz correspondant
Distribution des résultats
% des personnes avec chaque résultat
Percentile par nombre de réponses
Votre historique - résultats
Vous n’avez pas pris ce quiz depuis la dernière actualisation